| 000 | 00484nam a22001697a 4500 | ||
|---|---|---|---|
| 999 |
_c164294 _d164294 |
||
| 005 | 20190515161504.0 | ||
| 010 | _aB-085676 | ||
| 020 |
_a8171706401 _c33.90 |
||
| 035 | _aB-085676 | ||
| 037 | _bFrank Bros. & Co. | ||
| 082 | _a880.8 | ||
| 245 |
_aInsights: _ba selection of hulxley's essay / _cN. Gangadharan Nair |
||
| 260 |
_aNew Delhi _bFrank Bros. & Co. _c2002 |
||
| 300 |
_a94p. _c22cm(pbk) |
||
| 700 | _aNair, N. Gangadharan | ||
| 942 |
_2ddc _cEN _h880.8 _mINS |
||